LEADER 01471nam1 2200385 i 450 001 SUN0002540 005 20111027100703.490 010 $a88-217-1374-1 100 $a20020702d2001 |0itac50 ba 101 $aita 102 $aIT 105 $a|||| ||||| 200 1 $aCodice di procedura penale commentato$fa cura di Angelo Giarda, Giorgio Spangher$gcoordinatori: Stefano Corbetta ... [et al.] 205 $a2. ed 210 $a[Milanofiori, Assago]$cIPSOA$d[2001] 215 $a2 v.$d22 cm. 463 \1$1001SUN0015878$12001 $a<<2: >>Artt. 326-746, processo minorile, giudice di pace 463 \1$1001SUN0029911$12001 $a<<1: >>Artt. 1-325 606 $aCodice di procedura penale$2FI$3SUNC001944 620 $dMilanofiori, Assago$3SUNL000012 676 $a345.450502648$v21 702 1$aGiarda$b, Angelo$3SUNV001966 702 1$aSpangher$b, Giorgio$3SUNV002307 702 1$aCorbetta$b, Stefano$3SUNV002690 710 02$aItalia$3SUNV001942$0423419 712 $aIPSOA$3SUNV000032$4650 790 1$aGiarda, Angelo <1940- >$zGiarda, Angelo$3SUNV012053 791 02$aRepubblica italiana$zItalia$3SUNV057868 791 02$aRegno d'Italia <1861-1946>$zItalia$3SUNV057870 791 02$aItalia $zItalia$3SUNV057871 791 02$aItalia $zItalia$3SUNV057873 801 $aIT$bSOL$c20181109$gRICA 912 $aSUN0002540 996 $aCodice di procedura penale commentato$9661416 997 $aUNICAMPANIA LEADER 01008cam a2200265 i 4500 001 991003480869707536 008 140411s20142017njuabf b 001 0 eng 020 $a9780691147208 035 $ab14339572-39ule_inst 040 $aDip.to Beni Culturali$bita 100 1 $aMayor, Adrienne,$d1946-$0476206 245 14$aThe Amazons :$blives and legends of warrior women across the ancient world /$cAdrienne Mayor 264 1$aPrinceton :$bPrinceton University Press,$c[2014] 300 $aXIV, 519 p., [8] p. di tav. :$bill. ;$c25 cm. 504 $aContiene bibliografia: pp. [485]-502 650 4$aAmazzoni 650 4$aAmazzoni in letteratura 650 4$aMitologia greca 650 4$aDonne preistoriche 907 $a.b14339572$b06-04-18$c19-03-18 912 $a991003480869707536 945 $aLE001 AN XIX 334$g1$i2001000186969$lle001$op$pE23.76$q $rn$s- $t18$u0$v0$w0$x0$y.i15839825$z19-03-18 996 $aAmazons$91748604 997 $aUNISALENTO 998 $ale001$b19-03-18$cm$da $e-$feng$gnju$h4$i0